000
00221 a2200097 4500
001
10972
100
_a
Eisenson, J.
245
_a
The Psychlogy of Spech
260
_a
London
_b
George. G Hersap
_c
1988
090
_c
8540
_d
8540
942
_a
NUST-CAE
_c
M
_c
35312
999
_c
246045
_d
246045